000 00872nam a22002297a 4500
999 _c17842
_d17842
003 AR-CdUCM
008 190509b ||||| |||| 00| 0 spa d
040 _aMUNICIPALIDAD PROVINCIAL DEL CUSCO
_cBIBLIOTECA MUNICIPAL DEL CUSCO
041 _hfr
082 _a943 /
_bR68
100 _aRivaud, Alberto
_938027
245 _aLa concepción marxista del hombre /
260 _aBuenos Aires :
_bArandu,
_c1966.
300 _a252 paginas ;
_c20 cm.
500 _aLa concepción marxista
505 _aContenido: La evolucion del hombre -- El cerebro yel psiquismo -- El hombre y la cultura -- La concepcion marxista del individuo -- Conocimiento y Valoración del hombre -- Dialectica de la moral y moral de la dialectica...
650 _aMarxista
_938028
650 _aDialecta
_938029
650 _aPsiquismo
_92356
942 _2ddc
_cLIBROS
945 _apjha
_d2019-05-09